Normal view MARC view

Entry Personal Name

Number of records used in: 1

001 - CONTROL NUMBER

  • control field: 1024

003 - CONTROL NUMBER IDENTIFIER

  • control field: PK-NaQUE

005 - DATE AND TIME OF LATEST TRANSACTION

  • control field: 20260629120932.0

008 - FIXED-LENGTH DATA ELEMENTS

  • fixed length control field: 260629|| aca||aabn | a|a d

040 ## - CATALOGING SOURCE

  • Original cataloging agency: PK-NaQUE
  • Transcribing agency: PK-NaQUE

100 ## - HEADING--PERSONAL NAME

  • Personal name: Kianat Aftab
  • Personal name: 21MSSE-18
  • Personal name: Supervisor - Prof. Dr. Mukhtiar Ahmed Memon

670 ## - SOURCE DATA FOUND

  • Source citation: Work cat.: (PK-NaQUE)69082: Kianat Aftab 21MSSE-18 Supervisor - Prof. Dr. Mukhtiar Ahmed Memon, Adaptive Triangular Node Controlling Routing ATNCR ( Thesis MS), 2025